| 000 | 01317cam a22003013a 4500 | ||
|---|---|---|---|
| 001 | 3526 | ||
| 003 | PGUSA | ||
| 005 | 20140828083034.0 | ||
| 008 | 021101s2002||||xxu|||||s|||||000 1 eng d | ||
| 040 |
_aPGUSA _beng |
||
| 042 | _adc | ||
| 050 | 4 | _aPQ | |
| 100 | 1 |
_aVerne, Jules, _d1828-1905 |
|
| 245 | 1 | 0 |
_aFive Weeks in a Balloon : _bOr, Journeys and Discoveries in Africa by Three Englishmen _h[electronic resource] / _cJules Verne |
| 260 |
_bProject Gutenberg, _c2002 |
||
| 500 | _aPublisher's note: "Compiled in French by Jules Verne, from the original notes of Dr. Ferguson; and done into English by "William Lackland." Dr. Ferguson is the fictional protagonist. William Lackland is the pseudonym of the anonymous translator, used by the New York publisher for this 1869 edition, as archived at the Smithsonian Institution Libraries, cf.: http://www.sil.si.edu/imagegalaxy/imagegalaxy_imageDetail.cfm?id_image=7666 | ||
| 506 | _aPublic domain in the USA. | ||
| 516 | _aElectronic text | ||
| 653 | _aBalloons -- Fiction | ||
| 653 | _aScience fiction | ||
| 653 | _aAdventure stories | ||
| 653 | _aTravel -- Fiction | ||
| 653 | _aAfrica -- Fiction | ||
| 740 | 0 | _aCinq semaines en ballon. English | |
| 830 | 0 |
_aProject Gutenberg _v3526 |
|
| 856 | 4 | 0 | _uhttp://www.gutenberg.org/ebooks/3526 |
| 942 | _cEB | ||
| 999 |
_c232855 _d232855 |
||